00000000nam 2200000zi 4500
0019.951341
003CaOODSP
00520250526095050
006m     o  d f      
007cr mn|||||||||
008250526e20181219oncd    obs  f000 0 eng d
040 |aCaOODSP|beng|erda|cCaOODSP
043 |an-cn---
0861 |aCS82-003/2018-12-19-2E-PDF
1001 |aChaput, Jean-Philippe, |eauthor.
24510|aPrevalence of insomnia for Canadians aged 6 to 79 / |cby Jean-Philippe Chaput, Jessica Yau, Deepa P. Rao and Charles M. Morin.
264 1|a[Ottawa] : |bStatistics Canada = Statistique Canada, |cDecember 19, 2018.
264 4|c©2018
300 |a1 online resource (pages 16-20) : |bgraphs.
336 |atext|btxt|2rdacontent
337 |acomputer|bc|2rdamedia
338 |aonline resource|bcr|2rdacarrier
4901 |aHealth reports, |x1209-1367 ; |vvol. 29, no. 12, [2]
500 |aCover title.
500 |aIssued also in French under title: Prévalence de l’insomnie chez les Canadiens âgés de 6 à 79 ans.
504 |aIncludes bibliographical references (page 20).
5203 |a"This study estimates the prevalence of nighttime insomnia symptoms among Canadians aged 6 to 79, and examines trends over time (2007 to 2015). The study is based on 21,826 respondents from the 2007-to-2015 Canadian Health Measures Survey, a nationally representative, cross-sectional survey. Nighttime insomnia symptoms and duration were self-reported. A 42% increase in nighttime insomnia symptoms was observed for adults aged 18 or older (from 16.8% to 23.8%). The majority of Canadians with insomnia symptoms reported having the symptoms for more than one year. This study also showed nighttime insomnia symptoms to be more prevalent in older age groups, women, those from lower socioeconomic backgrounds, and individuals reporting poor health and quality of life. Efforts toward prevention and intervention strategies could reduce the burden of insomnia symptoms among Canadians"--Abstract, page 16.
650 0|aInsomnia|xHealth aspects|zCanada|vStatistics.
650 0|aHealth surveys|zCanada|vStatistics.
655 7|aStatistics|2lcgft
7102 |aStatistics Canada, |eissuing body.
77508|tPrévalence de l’insomnie chez les Canadiens âgés de 6 à 79 ans / |w(CaOODSP)9.951345
830#0|aHealth reports (Series)|x1209-1367 ; |vvol. 29, no. 12, [2].|w(CaOODSP)9.950253
85640|qPDF|s499 KB|uhttps://publications.gc.ca/collections/collection_2025/statcan/82-003-x/CS82-003-2018-12-19-2-eng.pdf
8564 |qHTML|sN/A|uhttps://www150.statcan.gc.ca/n1/pub/82-003-x/2018012/article/00002-eng.htm
986 |a82-003-X